MARC details
| 000 -LEADER |
| fixed length control field |
04256nam a2200565 a 4500 |
| 001 - CONTROL NUMBER |
| control field |
000595051 |
| 003 - CONTROL NUMBER IDENTIFIER |
| control field |
AM-YEHGA |
| 005 - DATE AND TIME OF LATEST TRANSACTION |
| control field |
20250618073523.0 |
| 008 - FIXED-LENGTH DATA ELEMENTS--GENERAL INFORMATION |
| fixed length control field |
080815s2008 ai r 000 0 arm d |
| 020 ## - INTERNATIONAL STANDARD BOOK NUMBER |
| International Standard Book Number |
9789993075738 (Ա.) |
| 020 ## - INTERNATIONAL STANDARD BOOK NUMBER |
| Canceled/invalid ISBN |
978-99939-59-030-1 (Բ.) |
| 020 ## - INTERNATIONAL STANDARD BOOK NUMBER |
| International Standard Book Number |
978-9939-59-054-7 (Գ) |
| 020 ## - INTERNATIONAL STANDARD BOOK NUMBER |
| International Standard Book Number |
978-9939-59-045-5 (Ը) |
| 020 ## - INTERNATIONAL STANDARD BOOK NUMBER |
| International Standard Book Number |
978-9939-59-062-2 (Թ) |
| 020 ## - INTERNATIONAL STANDARD BOOK NUMBER |
| Canceled/invalid ISBN |
978-9939-59-066-0 (Ժ) |
| 020 ## - INTERNATIONAL STANDARD BOOK NUMBER |
| Canceled/invalid ISBN |
978-9939-59-071-4 (ԺԲ) |
| 020 ## - INTERNATIONAL STANDARD BOOK NUMBER |
| Canceled/invalid ISBN |
978-9939-59-086-8 (Զ) |
| 020 ## - INTERNATIONAL STANDARD BOOK NUMBER |
| Canceled/invalid ISBN |
978-9939-59-086-8 (Է) |
| 020 ## - INTERNATIONAL STANDARD BOOK NUMBER |
| Canceled/invalid ISBN |
978-9939-59-087-5 (ԺԱ) |
| 040 ## - CATALOGING SOURCE |
| Original cataloging agency |
AM-YeHGA |
| 041 0# - LANGUAGE CODE |
| Language code of text/sound track or separate title |
arm |
| 090 ## - LOCALLY ASSIGNED LC-TYPE CALL NUMBER (OCLC); LOCAL CALL NUMBER (RLIN) |
| -- |
245016 |
| 245 00 - TITLE STATEMENT |
| Title |
Համաբարբառ Յասմաւուրք / |
| Statement of responsibility, etc. |
Աշխատասիր.՝ Եզնիկ արք.Պետրոսյանի. |
| 246 15 - VARYING FORM OF TITLE |
| Title proper/short title |
Synopsis synaxarion |
| Remainder of title |
I (A) January (7 pre Tserents versions) |
| 246 15 - VARYING FORM OF TITLE |
| Title proper/short title |
Synopsis synaxarion |
| Remainder of title |
II (B) February (6 pre Tserents versions) |
| 246 15 - VARYING FORM OF TITLE |
| Title proper/short title |
Synopsis synaxarion |
| Remainder of title |
III (G) March (6 pre Tserents versions) |
| 246 15 - VARYING FORM OF TITLE |
| Title proper/short title |
Synopsis synaxarion |
| Remainder of title |
IV (D) April (6 pre Tserents versions) |
| 246 15 - VARYING FORM OF TITLE |
| Title proper/short title |
Synopsis synaxarion |
| Remainder of title |
V (Ye) May (6 pre Tserents versions) |
| 246 15 - VARYING FORM OF TITLE |
| Title proper/short title |
Synopsis synaxarion |
| Remainder of title |
VI (Z) June (6 pre Tserents versions) |
| 246 15 - VARYING FORM OF TITLE |
| Title proper/short title |
Synopsis synaxarion |
| Remainder of title |
VII (E) July (6 pre Tserents versions) |
| 246 15 - VARYING FORM OF TITLE |
| Title proper/short title |
Synopsis synaxarion |
| Remainder of title |
VIII (H) August (6 pre Tserents versions) |
| 246 15 - VARYING FORM OF TITLE |
| Title proper/short title |
Synopsis synaxarion |
| Remainder of title |
IX (T') September (6 pre Tserents versions) |
| 246 15 - VARYING FORM OF TITLE |
| Title proper/short title |
Synopsis synaxarion |
| Remainder of title |
X (Zh) October (6 pre Tserents versions) |
| 246 15 - VARYING FORM OF TITLE |
| Title proper/short title |
Synopsis synaxarion |
| Remainder of title |
XII December (6 pre Tserents versions) |
| 246 15 - VARYING FORM OF TITLE |
| Title proper/short title |
Synopsis synaxarion |
| Remainder of title |
XI (ZhA) November (6 pre Tserents versions) |
| 260 ## - PUBLICATION, DISTRIBUTION, ETC. |
| Place of publication, distribution, etc. |
Էջմիածին : |
| Name of publisher, distributor, etc. |
Մայր Աթոռ Ս. Էջմիածին, |
| Date of publication, distribution, etc. |
2008-. |
| 300 ## - PHYSICAL DESCRIPTION |
| Extent |
10 Գիրք ;. |
| 500 ## - GENERAL NOTE |
| General note |
Մեկենաս. Տեր և Տիկին Արմեն և Նունե Սարգսյանների |
| 505 0# - FORMATTED CONTENTS NOTE |
| Miscellaneous information |
Ա (2008, 348 էջ) : |
| -- |
Յունուար (Նախածերենցյան 7 խմբագրությունների) |
| Miscellaneous information |
Բ (2009, 352 էջ) : |
| -- |
Փետրուար (Նախածերենցյան 6 խմբագրությունների) |
| Miscellaneous information |
Գ (2010, 356 էջ) : |
| -- |
Մարտ (Նախածերենցյան 6 խմբագրությունների) |
| Formatted contents note |
Պատրաստեց՝ Մ.Ապրեսյանը |
| Miscellaneous information |
Դ (2009, 296 էջ) : |
| -- |
Ապրիլ (Նախածերենցյան 6 խմբագրությունների) |
| Miscellaneous information |
Ե (2010, 304 էջ) : |
| -- |
Մայիս (Նախածերենցյան 6 խմբագրությունների) |
| Miscellaneous information |
Զ (2011, 304 էջ) : |
| -- |
Յունիս (Նախածերենցյան 6 խմբագրությունների) |
| Miscellaneous information |
Է (2011, 344 էջ) : |
| -- |
Յուլիս (Նախածերենցյան 6 խմբագրությունների) |
| Statement of responsibility |
Պատրաստեց՝ Լ. Պետրոսյանը |
| Miscellaneous information |
Ը (2010, 368 էջ) : |
| -- |
Աւգոստոս (Նախածերենցյան 6 խմբագրությունների) |
| Statement of responsibility |
Պատրաստեց՝ Հ. Նիկողոսյան |
| Miscellaneous information |
Թ (2010, 424 էջ) : |
| -- |
Սեպտեմբեր (Նախածերենցյան 6 խմբագրությունների) |
| Statement of responsibility |
Պատրաստեց՝ Լ. Պետրոսյանը և Մ. Ապրեսյանը |
| Miscellaneous information |
Ժ. (2010, 360 էջ) : |
| -- |
Հոկտեմբեր (Նախածերենցյան 6 խմբագրությունների) |
| Statement of responsibility |
Պատրաստեց՝ Լ. Քարիմյանը և Մ.Ապրեսյանը |
| Miscellaneous information |
ԺԱ (2011, 384 էջ) : |
| -- |
Նոյեմբեր (Նախածերենցյան 6 խմբագրությունների) |
| Statement of responsibility |
Պատր.՝ Լ. Սարգսյանը |
| Miscellaneous information |
ԺԲ. (2010, 392 էջ) : |
| -- |
Դեկտեմբեր (Նախածերենցյան 6 խմբագրությունների) |
| Statement of responsibility |
Պատր.՝ Ա. Հակոբյանը և Թ. սրկ. Երանյանը |
| 650 14 - SUBJECT ADDED ENTRY--TOPICAL TERM |
| Topical term or geographic name entry element |
Քրիստոնեություն |
| 700 1# - ADDED ENTRY--PERSONAL NAME |
| Personal name |
Պետրոսյան, Եզնիկ |
| Titles and other words associated with a name |
Արքեպիսկոպոս, |
| Dates associated with a name |
1955- |
| Relator term |
աշխատասիր. |
| Relationship |
com |
| 700 1# - ADDED ENTRY--PERSONAL NAME |
| Personal name |
Քարիմյան, Լիզա |
| Relator term |
պատրաստեց |
| Relationship |
com |
| 700 1# - ADDED ENTRY--PERSONAL NAME |
| Personal name |
Ապրեսյան, Մարիաննա |
| Relator term |
պատրաստեց |
| Relationship |
com |
| 700 1# - ADDED ENTRY--PERSONAL NAME |
| Personal name |
Պետրոսյան, Լիլիթ |
| Relator term |
պատրաստեց |
| Relationship |
com |
| 700 1# - ADDED ENTRY--PERSONAL NAME |
| Personal name |
Նիկողոսյան, Հերմինե |
| Relator term |
պատրաստեց |
| Relationship |
com |
| 700 1# - ADDED ENTRY--PERSONAL NAME |
| Personal name |
Հակոբյան, Արթուր |
| Relator term |
կազմ. |
| Relationship |
com |
| 9 (RLIN) |
1209 |
| 700 1# - ADDED ENTRY--PERSONAL NAME |
| Personal name |
Երանյան, Թորոս |
| Titles and other words associated with a name |
սարկավագ |
| Relator term |
կազմ. |
| Relationship |
com |
| 700 1# - ADDED ENTRY--PERSONAL NAME |
| Personal name |
Սարգսյան, Լուիզա |
| Relator term |
կազմ. |
| Relationship |
com |
| 942 00 - ADDED ENTRY ELEMENTS (KOHA) |
| Koha issues (borrowed), all copies |
4 |